Nazwij pasujące państwo graniczące z każdym morzem - Statystyki

Ogólne statystyki
  • Ten quiz został rozwiązany 18 343 razy
  • Średni wynik to 13 z 17
Statystyki odpowiedzi
Morze Państwo % Poprawnych
Bałtyckie Dania | Estonia | Finlandia | Litwa | Łotwa | Niemcy | Polska | Rosja | Szwecja
100%
Japońskie Japonia | Korea Południowa | Korea Północna | Rosja
95%
Północne Belgia | Dania | Francja | Holandia | Niemcy | Norwegia | Wielka Brytania
94%
Karaibskie Antigua i Barbuda | Belize | Dominika | Dominikana | Grenada | Gwatemala | Haiti | Honduras | Jamajka | Kolumbia | Kostaryka | Kuba | Meksyk | Nikaragua | Panama | Saint Kitts i Nevis | Saint Lucia | Saint Vincent i Grenadyny | Trynidad i Tobago | Wenezuela
93%
Czarne Bułgaria | Gruzja | Rosja | Rumunia | Turcja | Ukraina
92%
Arabskie Indie | Iran | Jemen | Oman | Pakistan | Somalia
90%
Czerwone Arabia Saudyjska | Dżibuti | Egipt | Erytrea | Izrael | Jemen | Jordania | Sudan
81%
Żółte Chiny | Korea Południowa | Korea Północna
78%
Kaspijskie Azerbejdżan | Iran | Kazachstan | Rosja | Turkmenistan
77%
Adriatyckie Albania | Bośnia i Hercegowina | Chorwacja | Czarnogóra | Słowenia | Włochy
76%
Beringa Rosja | Stany Zjednoczone
71%
Egejskie Grecja | Turcja
70%
Tasmańskie Australia | Nowa Zelandia
69%
Koralowe Australia | Papua-Nowa Gwinea | Vanuatu | Wyspy Salomona
63%
Martwe Izrael | Jordania
62%
Andamańskie Indie | Indonezja | Malezja | Mjanma | Tajlandia
29%
Lakkadiwskie Indie | Malediwy | Sri Lanka
28%
Nie znaleziono quizów pasujących do podanych kryteriów
Rozkład punktacji
Procent ludzi z każdym wynikiem
Percentyl według liczby udzielonych odpowiedzi
Twoja historia wyników
Nie rozwiązałeś tego quizu